Sports Quiz

Random Sports or MLB Quiz

Top 5 National League MVP (1970-2011) Quiz Stats

Quiz not verified by Sporcle

Challenge
Share
Tweet
Embed
Score 0/210 Timer 12:00
0 Plays Today
Year Player % Correct
2011Albert Pujols
99.1%
2010Albert Pujols
99.1%
2009Albert Pujols
99.1%
2008Albert Pujols
99.1%
2006Albert Pujols
99.1%
2005Albert Pujols
99.1%
2004Albert Pujols
99.1%
2003Albert Pujols
99.1%
2002Albert Pujols
99.1%
2001Albert Pujols
99.1%
2004Barry Bonds
98.8%
2003Barry Bonds
98.8%
2002Barry Bonds
98.8%
2001Barry Bonds
98.8%
2000Barry Bonds
98.8%
1997Barry Bonds
98.8%
1996Barry Bonds
98.8%
1994Barry Bonds
98.8%
1993Barry Bonds
98.8%
1992Barry Bonds
98.8%
1991Barry Bonds
98.8%
1990Barry Bonds
98.8%
1973Bobby Bonds
98.8%
1971Bobby Bonds
98.8%
2009Ryan Howard
98.2%
2008Ryan Howard
98.2%
2007Ryan Howard
98.2%
2006Ryan Howard
98.2%
2011Ryan Braun
98.2%
2008Ryan Braun
98.2%
1999Chipper Jones
97.9%
1996Chipper Jones
97.9%
2005Andruw Jones
97.9%
2011Prince Fielder
96.7%
2009Prince Fielder
96.7%
2007Prince Fielder
96.7%
1999Jeff Bagwell
96.3%
1997Jeff Bagwell
96.3%
1994Jeff Bagwell
96.3%
2010Joey Votto
96.2%
2001Sammy Sosa
95.8%
1998Sammy Sosa
95.8%
2010Carlos Gonzalez
95.7%
2010Adrian Gonzalez
95.7%
2001Luis Gonzalez
95.7%
2007Jimmy Rollins
95.7%
1998Craig Biggio
94.2%
1997Craig Biggio
94.2%
2011Matt Kemp
93.7%
1997Larry Walker
92.9%
1992Larry Walker
92.9%
2008Lance Berkman
92.4%
2006Lance Berkman
92.4%
2002Lance Berkman
92.4%
2001Lance Berkman
92.4%
2000Jeff Kent
90.2%
2000Todd Helton
90.1%
1986Mike Schmidt
90%
1983Mike Schmidt
90%
1981Mike Schmidt
90%
1980Mike Schmidt
90%
1976Mike Schmidt
90%
1999Mark McGwire
89.3%
1998Mark McGwire
89.3%
2005Derrek Lee
88.3%
2007David Wright
88.1%
2009Hanley Ramirez
88%
2008Manny Ramirez
88%
2002Vladimir Guerrero
87.1%
1989Pedro Guerrero
87.1%
Year Player % Correct
1985Pedro Guerrero
87.1%
1983Pedro Guerrero
87.1%
1982Pedro Guerrero
87.1%
2010Troy Tulowitzki
86.2%
2009Troy Tulowitzki
86.2%
2000Mike Piazza
85.2%
1997Mike Piazza
85.2%
1996Mike Piazza
85.2%
1995Mike Piazza
85.2%
1975Johnny Bench
85.1%
1974Johnny Bench
85.1%
1972Johnny Bench
85.1%
1970Johnny Bench
85.1%
1976Pete Rose
85%
1975Pete Rose
85%
1973Pete Rose
85%
1976Joe Morgan
84.2%
1975Joe Morgan
84.2%
1973Joe Morgan
84.2%
1972Joe Morgan
84.2%
1991Howard Johnson
84.1%
1989Howard Johnson
84.1%
1995Barry Larkin
83.8%
1990Ryne Sandberg
82.4%
1989Ryne Sandberg
82.4%
1984Ryne Sandberg
82.4%
1987Andre Dawson
82.2%
1983Andre Dawson
82.2%
1981Andre Dawson
82.2%
1999Matt Williams
81.7%
1994Matt Williams
81.7%
1972Billy Williams
81.7%
1970Billy Williams
81.7%
1979Willie Stargell
81.5%
1973Willie Stargell
81.5%
1972Willie Stargell
81.5%
1971Willie Stargell
81.5%
1984Tony Gwynn
81%
2006Carlos Beltran
80.8%
1996Ken Caminiti
80.2%
1990Darryl Strawberry
80%
1988Darryl Strawberry
80%
2007Matt Holliday
79.5%
1988Kirk Gibson
79.2%
1970Bob Gibson
79.1%
1995Greg Maddux
78.1%
1994Greg Maddux
78.1%
1983Dale Murphy
77.6%
1982Dale Murphy
77.6%
1987Ozzie Smith
77.5%
1982Lonnie Smith
77.5%
1978Reggie Smith
77.5%
1977Reggie Smith
77.5%
1995Dante Bichette
77.4%
1986Keith Hernandez
75.4%
1984Keith Hernandez
75.4%
1979Keith Hernandez
75.4%
2004Jim Edmonds
74.6%
2000Jim Edmonds
74.6%
1992Terry Pendleton
72.8%
1991Terry Pendleton
72.8%
1986Gary Carter
72.6%
1980Gary Carter
72.6%
1989Kevin Mitchell
72.2%
1991Will Clark
71.8%
1989Will Clark
71.8%
1988Will Clark
71.8%
1987Jack Clark
71.8%
1987Will Clark
71.8%
1978Jack Clark
71.8%
Year Player % Correct
2003Gary Sheffield
71.3%
1992Gary Sheffield
71.3%
1991Bobby Bonilla
71.2%
1990Bobby Bonilla
71.2%
1981George Foster
70.9%
1977George Foster
70.9%
1976George Foster
70.9%
2011Justin Upton
70.5%
1985Dwight Gooden
69.1%
1978Steve Garvey
66.7%
1974Steve Garvey
66.7%
2004Adrian Beltre
66.4%
1985Willie McGee
66.4%
1971Roberto Clemente
66.1%
1993Fred McGriff
65.6%
1970Tony Perez
65.6%
1986Dave Parker
64.5%
1985Dave Parker
64.5%
1978Dave Parker
64.5%
1977Dave Parker
64.5%
1975Dave Parker
64.5%
1970Wes Parker
64.5%
1993Lenny Dykstra
63.8%
1993David Justice
62.7%
2004Scott Rolen
62.5%
2006Miguel Cabrera
61.6%
2005Miguel Cabrera
61.6%
1986Glenn Davis
60.6%
1971Hank Aaron
60.4%
2003Javy Lopez
60.3%
2002Shawn Green
58.8%
1983Tim Raines
58.4%
1992Andy Van Slyke
57.8%
1988Andy Van Slyke
57.8%
1980Steve Carlton
57%
1977Steve Carlton
57%
1972Steve Carlton
57%
1998Moises Alou
56.9%
1994Moises Alou
56.9%
1971Joe Torre
54.8%
1996Ellis Burks
53.4%
1999Greg Vaughn
52.8%
1998Greg Vaughn
52.8%
1979Dave Winfield
48.8%
1974Lou Brock
48%
2003Jim Thome
45%
1993Ron Gant
44.3%
1977Greg Luzinski
44%
1975Greg Luzinski
44%
1981Fernando Valenzuela
43.3%
1981Dave Concepcion
42.5%
1995Eric Karros
41.6%
1987Tim Wallach
39.4%
2005Morgan Ensberg
37.5%
1984Rick Sutcliffe
36.9%
1980Jose Cruz
33.6%
1985Tom Herr
29.7%
1982Bruce Sutter
27.6%
1978Larry Bowa
27%
1974Mike Marshall
27%
1973Mike Marshall
27%
1980Dusty Baker
26.1%
1988Kevin McReynolds
25.7%
1990Eddie Murray
24.9%
1979Ray Knight
23.4%
1982Al Oliver
21.4%
1974Jim Wynn
21.2%
1984Gary Matthews
20.6%
1976Garry Maddox
19.3%
1979Larry Parrish
12%

You're not logged in!

Compare scores with friends on all Sporcle quizzes.
Sign Up with Email
OR
Log In

You Might Also Like...

Show Comments

Extras

Top Quizzes Today


Score Distribution

Your Account Isn't Verified!

In order to create a playlist on Sporcle, you need to verify the email address you used during registration. Go to your Sporcle Settings to finish the process.

Report this User

Report this user for behavior that violates our Community Guidelines.

Details: